000 00544nam a2200193Ia 4500
005 20250508163731.0
008 008 250505s9999 xx 000 0 eng d
037 _aReference
040 _aFEDL
_beng
_cFEDL
041 _aeng
_2eng
084 _a330.9, HUM
_qFEDL
100 _aMahbub ul Haq
245 0 _aHuman development in South Asia 1998
260 _aKarachi, Pakistan
_bOxford University Press
_c1998
300 _ax,189p.
700 _a Khadija Haq
_9776158
942 _cREF
_h330.9, HUM
999 _c1384957
_d1384957